Khảo sát một số đặc điểm của chất kháng sinh ở nấm sợi phân lập từ đất vườn tỉnh Bình Dương

Cơ quan chủ trì: Đại học Thủ Dầu Một; Đề tài NCKH sinh viên khoa Khoa học tự nhiên

Uloženo v:
Podrobná bibliografie
Hlavní autor: Nguyễn, Thị Xuân Tú
Další autoři: Nguyễn Anh Dũng
Médium: Kniha
Jazyk:Undetermined
Vydáno: Bình Dương 2014
Témata:
On-line přístup:http://lrc.tdmu.edu.vn/opac/search/detail.asp?aID=2&ID=37149
Tagy: Přidat tag
Žádné tagy, Buďte první, kdo otaguje tento záznam!
Thư viện lưu trữ: Trung tâm Học liệu Trường Đại học Thủ Dầu Một
LEADER 00944nam a2200181Ia 4500
001 TDMU_37149
008 210410s9999 xx 000 0 und d
082 |a 158 
100 |a Nguyễn, Thị Xuân Tú 
245 0 |a Khảo sát một số đặc điểm của chất kháng sinh ở nấm sợi phân lập từ đất vườn tỉnh Bình Dương 
245 0 |c Nguyễn Thị Xuân Tú; ThS. Nguyễn Anh Dũng (hướng dẫn) 
260 |a Bình Dương 
260 |c 2014 
520 |a Cơ quan chủ trì: Đại học Thủ Dầu Một; Đề tài NCKH sinh viên khoa Khoa học tự nhiên 
650 |a Báo cáo khoa học; Nấm sợi phân lập  |x Kháng sinh  |x Đặc điểm 
700 |a Nguyễn Anh Dũng 
856 |u http://lrc.tdmu.edu.vn/opac/search/detail.asp?aID=2&ID=37149 
980 |a Trung tâm Học liệu Trường Đại học Thủ Dầu Một